<?xml version="1.0" encoding="UTF-8"?>
<record
    xmlns:xsi="http://www.w3.org/2001/XMLSchema-instance"
    xsi:schemaLocation="http://www.loc.gov/MARC21/slim http://www.loc.gov/standards/marcxml/schema/MARC21slim.xsd"
    xmlns="http://www.loc.gov/MARC21/slim">

  <leader>02894njm a2200481Ia 4500</leader>
  <controlfield tag="001">D6739</controlfield>
  <controlfield tag="003">IT-RoPAU</controlfield>
  <controlfield tag="005">20220918181115.0</controlfield>
  <controlfield tag="008">131025s9999    xx            000 0 und d</controlfield>
  <datafield tag="040" ind1=" " ind2=" ">
    <subfield code="a">IT-RoPAU</subfield>
  </datafield>
  <datafield tag="040" ind1=" " ind2=" ">
    <subfield code="c">IT-RoPAU</subfield>
  </datafield>
  <datafield tag="999" ind1=" " ind2=" ">
    <subfield code="c">99329</subfield>
    <subfield code="d">99329</subfield>
  </datafield>
  <datafield tag="999" ind1=" " ind2=" ">
    <subfield code="b">n.d.</subfield>
  </datafield>
  <datafield tag="100" ind1=" " ind2=" ">
    <subfield code="a">AA.VV.</subfield>
    <subfield code="9">794</subfield>
  </datafield>
  <datafield tag="100" ind1=" " ind2=" ">
    <subfield code="e">Autore musica</subfield>
    <subfield code="9">30990</subfield>
  </datafield>
  <datafield tag="100" ind1=" " ind2=" ">
    <subfield code="g">Codice autore musica SPICS: 12000</subfield>
    <subfield code="9">796</subfield>
  </datafield>
  <datafield tag="245" ind1=" " ind2=" ">
    <subfield code="a">Italian Jazz Today</subfield>
  </datafield>
  <datafield tag="250" ind1=" " ind2=" ">
    <subfield code="a">2a ed.</subfield>
  </datafield>
  <datafield tag="260" ind1=" " ind2=" ">
    <subfield code="a">MILANO</subfield>
  </datafield>
  <datafield tag="260" ind1=" " ind2=" ">
    <subfield code="b">RUSCONI</subfield>
    <subfield code="c">1996 [1a Ed.:]</subfield>
  </datafield>
  <datafield tag="300" ind1=" " ind2=" ">
    <subfield code="a">COMPACT DISC</subfield>
  </datafield>
  <datafield tag="300" ind1=" " ind2=" ">
    <subfield code="c">70 minuti (Testo:  pag.)</subfield>
  </datafield>
  <datafield tag="500" ind1=" " ind2=" ">
    <subfield code="a">Musica jazz. Cd fuori commercio allegato al n. 1 1996 della rivista "Musica jazz". Jazz italiano</subfield>
  </datafield>
  <datafield tag="505" ind1=" " ind2=" ">
    <subfield code="a">Nutty [(Iseo, 28 luglio 1995) (13:00) - The Way It Goes [(Milano, 19 settembre 1995) (7:00)] - Have You Seen Johnny? Johnny Come Lately (6:00 - Walkabout [(Iseo, 29 luglio 1995) (13:00)] - Lumen [(Iseo, 5 agosto 1995) (7:00)] - Best Wishes (12:00) - Viaggio [(Iseo, 4 agosto 1995) (6:00)] - Lake Song [(Iseo, 29 luglio 1995) (6:00)]</subfield>
  </datafield>
  <datafield tag="511" ind1=" " ind2=" ">
    <subfield code="a">Boltro Flavio: tr; Fara&#xF2; Antonio: p; Mella Aldo: cb; Zirilli Enzo: batt; Quartetto Flavio Boltro.</subfield>
  </datafield>
  <datafield tag="511" ind1=" " ind2=" ">
    <subfield code="a">Pieranunzi Enrico: p; Leveratto Piero: cb; Beggio Mauro: batt; Trio Enrico Pieranunzi</subfield>
  </datafield>
  <datafield tag="511" ind1=" " ind2=" ">
    <subfield code="a">Petrella Gianluca: trne; Ottaviano Roberto: sop; Lenoci Gianni: p; Basci Giuseppe: cb; Magliocchi Marcello: batt; Quintetto Roberto Ottaviano</subfield>
  </datafield>
  <datafield tag="511" ind1=" " ind2=" ">
    <subfield code="a">Fresu Paolo: tr; Trovesi Gianluigi: cl, b; Tracanna Tino: ten; Cipelli Roberto: p; Zanchi Attilio: cb; Fioravanti Ettore: batt; Sestetto Paolo Fresu con Gianluigi Trovesi</subfield>
  </datafield>
  <datafield tag="511" ind1=" " ind2=" ">
    <subfield code="a">Battaglia Stefano: p</subfield>
  </datafield>
  <datafield tag="511" ind1=" " ind2=" ">
    <subfield code="a">Cisi Emanuele: ten; Birro Paolo: p; Micheli Marco: cb; Sotgiu Francesco: batt; Quartetto Emanuele Cisi</subfield>
  </datafield>
  <datafield tag="511" ind1=" " ind2=" ">
    <subfield code="a">Rava Enrico: tr; Galliano Richard: fis; Duo Rava &amp; Galliano</subfield>
  </datafield>
  <datafield tag="511" ind1=" " ind2=" ">
    <subfield code="a">D'Andrea Franco: p</subfield>
  </datafield>
  <datafield tag="650" ind1=" " ind2=" ">
    <subfield code="a">JAZZ [COMPACT DISC]</subfield>
    <subfield code="e">Codice MATERIA SPICS: 9949</subfield>
    <subfield code="9">11822</subfield>
  </datafield>
  <datafield tag="700" ind1=" " ind2=" ">
    <subfield code="a">Monk Thelonious</subfield>
    <subfield code="d">Codice autore musica SPICS: 10795</subfield>
    <subfield code="e">Autore musica</subfield>
    <subfield code="p">Nutty</subfield>
    <subfield code="9">30991</subfield>
  </datafield>
  <datafield tag="700" ind1=" " ind2=" ">
    <subfield code="a">Pieranunzi Enrico</subfield>
    <subfield code="d">Codice autore musica SPICS: 16333</subfield>
    <subfield code="e">Autore musica</subfield>
    <subfield code="p">The Way It Goes</subfield>
    <subfield code="9">30992</subfield>
  </datafield>
  <datafield tag="700" ind1=" " ind2=" ">
    <subfield code="a">Ottaviano Roberto</subfield>
    <subfield code="d">Codice autore musica SPICS: 45873</subfield>
    <subfield code="e">Autore musica</subfield>
    <subfield code="p">Have You Seen Johnny? Johnny Come Lately</subfield>
    <subfield code="9">30993</subfield>
  </datafield>
  <datafield tag="700" ind1=" " ind2=" ">
    <subfield code="a">Strayhorn Billy</subfield>
    <subfield code="d">Codice autore SPICS: 16295</subfield>
    <subfield code="e">Autore</subfield>
    <subfield code="p">Have You Seen Johnny? Johnny Come Lately</subfield>
    <subfield code="9">30994</subfield>
  </datafield>
  <datafield tag="700" ind1=" " ind2=" ">
    <subfield code="a">Fresu Paolo</subfield>
    <subfield code="d">Codice autore musica SPICS: 45874</subfield>
    <subfield code="e">Autore musica</subfield>
    <subfield code="p">Walkabout</subfield>
    <subfield code="9">30995</subfield>
  </datafield>
  <datafield tag="700" ind1=" " ind2=" ">
    <subfield code="a">Battaglia Stefano</subfield>
    <subfield code="d">Codice autore musica SPICS: 45875</subfield>
    <subfield code="e">Autore musica</subfield>
    <subfield code="p">Lumen</subfield>
    <subfield code="9">30996</subfield>
  </datafield>
  <datafield tag="700" ind1=" " ind2=" ">
    <subfield code="a">Sotgiu Francesco</subfield>
    <subfield code="d">Codice autore musica SPICS: 45876</subfield>
    <subfield code="e">Autore musica</subfield>
    <subfield code="p">Best Wishes</subfield>
    <subfield code="9">30997</subfield>
  </datafield>
  <datafield tag="700" ind1=" " ind2=" ">
    <subfield code="a">Galliano Richard</subfield>
    <subfield code="d">Codice autore musica SPICS: 44093</subfield>
    <subfield code="e">Autore musica</subfield>
    <subfield code="p">Viaggio</subfield>
    <subfield code="9">30998</subfield>
  </datafield>
  <datafield tag="700" ind1=" " ind2=" ">
    <subfield code="a">D'Andrea Franco</subfield>
    <subfield code="d">Codice autore musica SPICS: 16381</subfield>
    <subfield code="e">Autore musica</subfield>
    <subfield code="p">Lake Song</subfield>
    <subfield code="9">30999</subfield>
  </datafield>
  <datafield tag="942" ind1=" " ind2=" ">
    <subfield code="c">CD</subfield>
    <subfield code="2">ddc</subfield>
  </datafield>
  <datafield tag="952" ind1=" " ind2=" ">
    <subfield code="0">0</subfield>
    <subfield code="1">0</subfield>
    <subfield code="4">0</subfield>
    <subfield code="6">D_6739_000000000000000</subfield>
    <subfield code="7">1</subfield>
    <subfield code="a">SPICS</subfield>
    <subfield code="b">SPICS</subfield>
    <subfield code="d">2013-10-25</subfield>
    <subfield code="l">0</subfield>
    <subfield code="o">D6739</subfield>
    <subfield code="r">2013-10-25 00:00:00</subfield>
    <subfield code="w">2013-10-25</subfield>
    <subfield code="y">CD</subfield>
    <subfield code="z">Progr. Ins.: 2036 / N.Vol.: n.d. / Copie: 1 - Copia rara: n.d. / date import: 01.01.2014 - By Epidotti, Trombetti, Vaglietti</subfield>
  </datafield>
</record>
